Accounts (Record no. 84364)
[ view plain ]
| 000 -LEADER | |
|---|---|
| fixed length control field | 00403nam a2200169Ia 4500 |
| 008 - FIXED-LENGTH DATA ELEMENTS--GENERAL INFORMATION | |
| fixed length control field | 230125s9999 xx 000 0 und d |
| 020 ## - INTERNATIONAL STANDARD BOOK NUMBER | |
| International Standard Book Number | 978-81-309-1757-3 |
| 041 ## - LANGUAGE CODE | |
| Language code of text/sound track or separate title | eng |
| 082 ## - DEWEY DECIMAL CLASSIFICATION NUMBER | |
| Classification number | 658.1511 |
| Item number | RIL |
| 100 ## - MAIN ENTRY--PERSONAL NAME | |
| Personal name | Riley P |
| 9 (RLIN) | 107055 |
| 245 ## - TITLE STATEMENT | |
| Title | Accounts |
| 260 ## - PUBLICATION, DISTRIBUTION, ETC. (IMPRINT) | |
| Date of publication, distribution, etc. | 2011 |
| Name of publisher, distributor, etc. | Viva Books |
| Place of publication, distribution, etc. | Mumbai |
| 300 ## - PHYSICAL DESCRIPTION | |
| Extent | 254p |
| 500 ## - GENERAL NOTE | |
| Keywords | Economics |
| 650 ## - SUBJECT ADDED ENTRY--TOPICAL TERM | |
| Topical term or geographic name as entry element | Economics |
| 9 (RLIN) | 107056 |
| 700 ## - ADDED ENTRY--PERSONAL NAME | |
| Personal name | Riley P |
| 9 (RLIN) | 107055 |
| Withdrawn status | Lost status | Damaged status | Not for loan | Home library | Current library | Date acquired | Vendor | Full call number | Barcode | Date last seen | Bill Date | Koha item type | Original Barcode | Cost, normal purchase price | Bill number | Cost, replacement price | Total Checkouts | Date last checked out |
|---|---|---|---|---|---|---|---|---|---|---|---|---|---|---|---|---|---|---|
| Withdrawn 2022-23 | Smt. Hiraben Nanavati Institute of Management & Research for Women | Smt. Hiraben Nanavati Institute of Management & Research for Women | 21/07/2011 | Satya Gilani | 658.1511 RIL B10539 | HIMR-BK-10539 | 25/01/2023 | 25/01/2023 | Books | B10539 | ||||||||
| Withdrawn 2022-23 | Smt. Hiraben Nanavati Institute of Management & Research for Women | Smt. Hiraben Nanavati Institute of Management & Research for Women | 21/07/2011 | Pritam Book Centre | 658.1511 RIL B10538 | HIMR-BK-10538 | 25/01/2023 | 19/07/2011 | Books | B10538 | 395.00 | 7558 | 296.00 | |||||
| Smt. Hiraben Nanavati Institute of Management & Research for Women | Smt. Hiraben Nanavati Institute of Management & Research for Women | 21/07/2011 | Pritam Book Centre | 658.1511 RIL B10536 | HIMR-BK-10536 | 25/01/2023 | 19/07/2011 | Books | B10536 | 395.00 | 7558 | 296.01 | ||||||
| Smt. Hiraben Nanavati Institute of Management & Research for Women | Smt. Hiraben Nanavati Institute of Management & Research for Women | 21/07/2011 | Pritam Book Centre | 658.1511 RIL B10537 | HIMR-BK-10537 | 10/03/2023 | 19/07/2011 | Books | B10537 | 395.00 | 7558 | 296.00 | 1 | 09/03/2023 | ||||
| Smt. Hiraben Nanavati Institute of Management & Research for Women | Smt. Hiraben Nanavati Institute of Management & Research for Women | 21/07/2011 | Pritam Book Centre | 658.1511 RIL B10535 | HIMR-BK-10535 | 25/01/2023 | 19/07/2011 | Books | B10535 | 395.00 | 7558 | 296.00 |